發條鳥年代記 . 預言鳥篇 . 第二部

資料類型: Book 圖書   書目號:6141

Leader xxxxxxxxxx
001 __ PCLIS00006141
005 __ 20230321152856.0
010 0_ |a957-13-1837-X|b平裝|dNT$200
010 0_ |a978-957-13-1837-0|b平裝|dNT$200
100 __ |a19870509d1995    m  y0chiy09      e
101 1_ |achi|cjpn
102 __ |atw
105 __ |ay   z   000ay
200 1_ |a發條鳥年代記|h第二部|i預言鳥篇|f村上春樹著|g賴明珠譯
205 __ |a初版
210 __ |a臺北市|c時報文化|d1995[民84]
215 0_ |a252面|d21公分
225 1_ |a藍小說|v908
225 2_ |a村上春樹作品集
300 __ |a作者號由adm取自出版社(2006671),由t561改回
300 __ |a本館最新館藏為2016年二十五刷
410 _0 |12001 |a村上春樹作品集
454 _1 |12001 |aゼェネわ鳥ヱ①Яヱю|zjpn
517 1_ |a預言鳥篇|zchi
606 __ |2cst|a長篇小說
681 __ |a861.57|b8354
681 __ |a861.57|b8476 88 V.908
700 _1 |a村上|b春樹|f1949-  |4702 _1 |a|b明珠|f1947-  |4801 _0 |atw|b內湖高中|c20010622
801 _0 |atw|b內湖高中|c20160421|gCCR
801 _2 |atw|b內湖高中|c20230321|gCCR
詳細館藏 1-2 筆 (共 2 筆)
索 書 號登 錄 號冊次號館別 / 館藏地流通類型狀態加入預約清單電子資源
861.57 / 8354 1023637 v.2 圖書館 / 一樓普通區 可外借30天 在館   
861.57 / 8354 2006671 v.2 圖書館 / 一樓普通區 可外借30天 在館   

| 條列資料




目錄查詢 分類查詢 個人資料 圖書薦購 新書查詢 閉館日 排行榜 更多電子資源 Hami書城 線上資料庫 登出

From : 216.73.216.116

  本日流通累計至 12:45:03 借閱 : 6 次 續借 : 0 次 歸還 : 9 次 預約 : 0 次 電子資源 : 0 次


內湖高中圖書館  PCLIS 版本  25.5.0.2